Memoria elevada al Excmo. Sr. ministro de Gracia y Justicia en la solemne apertura de los tribunales el día 15 de septiembre de 1892 / (Record no. 45785)

MARC details
000 -LEADER
campo de control de longitud fija 01051nam a2200205 i 4500
001 - NÚMERO DE CONTROL
campo de control 45785
003 - IDENTIFICADOR DE NÚMERO DE CONTROL
campo de control ES-MaACL
005 - FECHA Y HORA DE LA ÚLTIMA TRANSACCIÓN
campo de control 20251012063042.0
007 - CAMPO FIJO DE DESCRIPCIÓN FÍSICA--INFORMACIÓN GENERAL
campo de control de longitud fija t|
008 - DATOS DE LONGITUD FIJA--INFORMACIÓN GENERAL
campo de control de longitud fija 030326s1892 sp ||||1| spa d
100 1# - ENTRADA PRINCIPAL--NOMBRE DE PERSONA
Nombre de persona Conde y Luque, Rafael,
Fechas asociadas al nombre 1835-1922
9 (RLIN) 40134
245 10 - MENCIÓN DEL TÍTULO
Título Memoria elevada al Excmo. Sr. ministro de Gracia y Justicia en la solemne apertura de los tribunales el día 15 de septiembre de 1892 /
Mención de responsabilidad, etc. por el fiscal del Tribunal Supremo Don Rafael Conde y Luque.
246 3# - FORMA VARIANTE DEL TITULO
Texto de visualización Tít. de anteport.:
Título propio/Titulo breve Estado de la administración de justicia y reformas que se juzgan convenientes
260 ## - PUBLICACIÓN, DISTRIBUCIÓN, ETC.
Lugar de publicación, distribución, etc. Madrid :
Nombre del editor, distribuidor, etc. Imp. G.G. Rodríguez,
Fecha de publicación, distribución, etc. 1892 (
Fabricante Imp. de Enrique Rojas y Cía.)
300 ## - DESCRIPCIÓN FÍSICA
Extensión 123 p., [1] h. pleg. ;
Dimensiones 26 cm.
505 8# - NOTA DE CONTENIDO CON FORMATO
Nota de contenido con formato Contiene: Análisis de los trabajos de los juzgados y tribunales en el año de 1891 ; Los juzgadores ; Del juicio ; Administración de justicia en ultramar ; Circulares ; Consultas
650 #4 - PUNTO DE ACCESO ADICIONAL DE MATERIA--TÉRMINO DE MATERIA
Término de materia o nombre geográfico como elemento de entrada Administración de justicia-
Subdivisión geográfica España.
9 (RLIN) 9621
852 ## - LOCALIZACIÓN
Ubicación ES-MaACL
Número de control de estantería T-661-F-2
Holdings
Estatus retirado Estado de pérdida Estado de daño No para préstamo Colección Biblioteca de origen Biblioteca actual Ubicación en estantería Fecha de adquisición Fuente de adquisición Total de préstamos Signatura topográfica completa Código de barras Visto por última vez Precio de reemplazo Tipo de ítem Koha
        Colección de folletos Biblioteca del Ateneo de Madrid Biblioteca del Ateneo de Madrid Depósito folletos 17/01/2008     T-661-F-2 1048169 23/02/2023 23/02/2023 Folleto